| 000 | 00928nam a2200301 i 4500 | ||
|---|---|---|---|
| 003 | EG-GICUC | ||
| 005 | 20260421124248.0 | ||
| 008 | 260421s1953 mx |||frb||| 001 0 eng d | ||
| 040 |
_aEG-GiCUC _beng _cEG-GiCUC _dEG-GiCUC _erda |
||
| 041 | _aeng | ||
| 082 | 0 | 4 |
_221 _a343.7 _bBE . L |
| 092 | 0 | 4 | _221 |
| 099 | _aLaw1 10 343.7 BE . L 1953 | ||
| 100 | 1 |
_aBernaldo de Quirós, Constancio _eAuthor. |
|
| 245 | 1 | 0 |
_aLecciones de derecho penitenciario / _cConstancio Bernaldo de Quiros. |
| 264 | 1 |
_aMéxico : _bImprenta Universitaria, _c1953. |
|
| 300 |
_a296 pages ; _c24 cm |
||
| 336 |
_2rda content _atext |
||
| 337 |
_2rda media _aComputer |
||
| 338 |
_2rda carrier _aOnline Resource |
||
| 500 | _aInclude index | ||
| 504 | _aBibliography: pages 293-294. | ||
| 650 | 1 | 4 |
_aPenology _2qrmak |
| 651 | 1 | _2qrmak | |
| 856 | 4 | 0 | _uhttps://fll.law.cu.edu.eg/fulltext/bks/B10-10565.pdf |
| 905 | _a161 | ||
| 942 |
_2ddc _cBK _e21 _n0 |
||
| 999 |
_c72541 _d72541 |
||